=LDR 00000nam 2200000 4500 =001 NUTBA000000000004315 =990 ##$$a 21410716 =005 20140911085734.0 =990 ##$$a 21410712 =006 =990 ##$$a 21410713 =007 =990 ##$$a 21410714 =008 =990 ##$$a 21410715 =020 ##$$a 978-979-18577-4-1 =990 ##$$a 0001/BPAP-NTB/20142014 =035 ##$$a 0010-091400000000348 =990 ##$$a 01201806599 =040 ##$$a NBPDMAT =082 ##$$a 540.1 =084 ##$$a 540.1 Wid k =100 ##$$a Widi Prasetiawan =245 ##$$a Kimia Dasar 1 / $c Penulis Widi Prasetiawan =250 ##$$a Cet. 1 =260 ##$$a Jakarta : $b Cerdas Pustaka, $c 2009 =300 ##$$a viii, 305 hlm. : $b ilus. ; $c 21 cm. =500 ##$$a Bibliografi : hlm. 305 =650 ##$$a Kimia =990 ##$$a 21410712 =990 ##$$a 0001/BPAP-NTB/20142014 =990 ##$$a 65996599 =990 ##$$a 21410716 =990 ##$$a 21410712 =990 ##$$a 21410713 =990 ##$$a 21410714 =990 ##$$a 21410715 =990 ##$$a 0001/BPAP-NTB/20142014 =990 ##$$a 01201806599